Room for a view in the housing debate (Record no. 117918)
[ view plain ]
| 000 -LEADER | |
|---|---|
| fixed length control field | 01691cam a2200265 4500 |
| 001 - CONTROL NUMBER | |
| control field | ABS68134 |
| 008 - FIXED-LENGTH DATA ELEMENTS--GENERAL INFORMATION | |
| fixed length control field | 040831n2004 000 0 eng u |
| 035 ## - SYSTEM CONTROL NUMBER | |
| System control number | (Sirsi) u127213 |
| 100 ## - MAIN ENTRY--PERSONAL NAME | |
| Personal name | Morris, H. |
| 245 ## - TITLE STATEMENT | |
| Title | Room for a view in the housing debate |
| 260 ## - PUBLICATION, DISTRIBUTION, ETC. | |
| Date of publication, distribution, etc. | 2004 |
| 490 ## - SERIES STATEMENT | |
| Series statement | Axis |
| Volume/sequential designation | 58(3) July/August 2004, 10-11(2) |
| 520 ## - SUMMARY, ETC. | |
| Summary, etc. | Discusses public attitudes towards new housing development in their areas and reviews a new study "Housing futures: informed public opinion", which concludes that a clearer understanding of local people's preferences can help plan more publicly acceptable developments. The report surveyed residents in southeast England on six different ways that development might occur in the next 20 years. Increased housing densities, urban extension and new towns were the most popular options, with village growth and new small settlements of 2 000-4 000 homes the least popular forms of development. Residents also gave their views on the acceptability of types and densities of housing, with detached and semi-detached properties were most acceptable and blocks of flats more disliked than liked. Concludes that Nimbyism is far from rife and that there is no blanket objection to new housing. The study is available at www.jrf.org.uk. |
| 590 ## - LOCAL NOTE (RLIN) | |
| Local note | ABS |
| 590 ## - LOCAL NOTE (RLIN) | |
| Local note | ABS |
| 650 ## - SUBJECT ADDED ENTRY--TOPICAL TERM | |
| Topical term or geographic name entry element | HOUSING DENSITY |
| 650 ## - SUBJECT ADDED ENTRY--TOPICAL TERM | |
| Topical term or geographic name entry element | URBAN DEVELOPMENT |
| 650 ## - SUBJECT ADDED ENTRY--TOPICAL TERM | |
| Topical term or geographic name entry element | PPG3 |
| 650 ## - SUBJECT ADDED ENTRY--TOPICAL TERM | |
| Topical term or geographic name entry element | PPS1 |
| 650 ## - SUBJECT ADDED ENTRY--TOPICAL TERM | |
| Topical term or geographic name entry element | NIMBYISM |
| 690 ## - LOCAL SUBJECT ADDED ENTRY--TOPICAL TERM (OCLC, RLIN) | |
| Topical term or geographic name as entry element | HOUSING-DEVELOPMENT |
| 856 ## - ELECTRONIC LOCATION AND ACCESS | |
| Uniform Resource Identifier | <a href="https://www.jrf.org.uk/bookshop/eBooks/1859352022.pdf">https://www.jrf.org.uk/bookshop/eBooks/1859352022.pdf</a> |
| Public note | View study on JRF website... |
| 856 ## - ELECTRONIC LOCATION AND ACCESS | |
| Uniform Resource Identifier | <a href="https://www.jrf.org.uk/bookshop/eBooks/1859352022.pdf">https://www.jrf.org.uk/bookshop/eBooks/1859352022.pdf</a> |
| Public note | View study on JRF website... |
| 942 ## - ADDED ENTRY ELEMENTS (KOHA) | |
| Suppress in OPAC | 0 |
| Withdrawn status | Lost status | Source of classification or shelving scheme | Damaged status | Not for loan | Home library | Current library | Shelving location | Date acquired | Total Checkouts | Full call number | Barcode | Date last seen | Copy number | Price effective from | Koha item type |
|---|---|---|---|---|---|---|---|---|---|---|---|---|---|---|---|
| Dewey Decimal Classification | London | London | Journal article | 31/08/2004 | ABS68134 | 127213-1001 | 06/08/2019 | 1 | 06/08/2019 | Journal article |